South Eastern Kenya University

Library Online Public Access Catalogue


Enjoying music (Record no. 13333)

MARC details
000 -LEADER
fixed length control field 00355cam a2200133u 4500
050 00 - LIBRARY OF CONGRESS CALL NUMBER
Classification number M1994
Item number .E65
245 00 - TITLE STATEMENT
Title Enjoying music
250 ## - EDITION STATEMENT
Edition statement Teacher's ed.
260 ## - PUBLICATION, DISTRIBUTION, ETC. (IMPRINT)
Place of publication, distribution, etc. [New York]
Name of publisher, distributor, etc. American Book Co.
Date of publication, distribution, etc. [1970]
300 ## - PHYSICAL DESCRIPTION
Extent xviii, 200 p.
650 #0 - SUBJECT ADDED ENTRY--TOPICAL TERM
General subdivision Instruction and study
Form subdivision Juvenile.
700 1# - ADDED ENTRY--PERSONAL NAME
Personal name Choate, Robert A. [from old catalog]
942 ## - ADDED ENTRY ELEMENTS (KOHA)
Source of classification or shelving scheme Library of Congress Classification
Koha item type General circulation
Holdings
Withdrawn status Lost status Source of classification or shelving scheme Damaged status Not for loan Home library Current library Shelving location Date acquired Total Checkouts Full call number Barcode Date last seen Price effective from Koha item type Public note
    Library of Congress Classification     Main Campus Library Main Campus Library General Stacks 05/05/2016   M1994 .E65 1970 2015/009838 05/05/2016 05/05/2016 General circulation amm
Kitui, Kenya.
+254736116989
library@seku.ac.ke